000 00697nam a2200193 i 4500
001 43828
003 ES-MaACL
005 20230906160901.0
007 t|
008 030318s1922 fr ||||1| fre d
100 1 _aCausee, A.
_937120
245 1 0 _aLes "pauvres" d'Israel
_b: (prophetes, psalmistes, messianistes) /
_cA. Causse.
260 _a[S.l. :
_bs.n.,
_c1922] (
_eStrasbourg :
_fImp. Alsacienne)
300 _a172 p. ;
_c25 cm.
490 1 _aEtudes d'histoire et de philosophie religieuses / Université de Strasbourg ;
_v3
830 0 _aEtudes d'histoire et de philosophie religieuses / Université de Strasbourg ;
_v3
_9229882
852 _aES-MaACL
_jC-1948
999 _c43828
_d43828